000 01714cam a22003015a 4500
001 18228688
005 20201128023727.0
008 140716s2015 enk frd f000 0 eng d
010 _a 2014946124
020 _a9780199664924 (pbk.)
040 _aDLC
_beng
_cDLC
_dEG-ScBUE
043 _ae-uk---
082 0 4 _a349.4103
_bDIC
_222
245 0 2 _aA dictionary of law /
_cedited by Jonathan Law, editor of the earlier editions Elizabeth A. Martin.
246 3 4 _aOxford dictionary of law
250 _a8th ed.
260 _aOxford :
_bOxford University Press,
_c2015.
300 _a677 p. ;
_c20 cm.
490 0 _aOxford quick reference
500 _aVisit online Oxford quick reference to discover additional online resources.
520 _a"Written in clear, jargon-free language, this dictionary will be indispensable to anyone without a legal qualification who comes into contact with the law. Substantially revised and expanded for this fourth edition, it is an ideal reference book for lawyers, students, and secretaries in the UK or any Commonwealth country where the legal system is founded on English law." "Over 3,500 entries defining and explaining the major terms, concepts, processes, and organization of the law; authoritative and up to data - compiled by practising lawyers; and major areas of revision include European law, the Internet, world trade, divorce law, local government, property law, consumer and data protection, and criminal law."
650 7 _aLaw
_zGreat Britain
_vDictionaries.
_2BUEsh
_92159
651 _2BUEsh
653 _bBUSBOL
_bLLAAWW
_cApril2016
700 1 _aLaw, Jonathan.
_eeditor.
_97244
700 1 _97243
_aMartin, E. A.
_q(Elizabeth A.)
_eeditor.
942 _2ddc
999 _c21657
_d21629